|
|
|
|
| LEADER |
00000cac a2200000 a 4500 |
| 001 |
69840 |
| 003 |
Ucuenca |
| 005 |
20230324063501.0 |
| 008 |
003061|1999 Sp |||||r|||||||||||spa|| |
| 020 |
|
|
|a 8475098525
|
| 040 |
|
|
|b spa
|
| 041 |
0 |
|
|a spa
|
| 082 |
0 |
|
|a 371.3
|
| 245 |
|
|
|a Para enseñar no basta con saber la asignatura
|c Fernando Hernández y Juana María Sancho
|h imp
|
| 264 |
|
|
|a Barcelona
|b Paidós
|c 1999
|
| 300 |
|
|
|a 222 páginas:
|c 22 cm
|
| 490 |
|
|
|a Papeles de Pedagogía
|
| 504 |
|
|
|a incl. ref.
|
| 520 |
3 |
|
|a Contiene: Un nuevo profesorado para un nuevo contexto educativo. Las decisiones en torno a la enseñanza: el campo del currículum. Visiones sobre el aprendizaje y la enseñanza, la búsqueda de un dorado eficaz. La organización de los conocimientos escoalres. El docente como profesional de la enseñanza. El estudiante-adolescente que vive y aprende de un contexto de cambio. Los ámbitos de la evaluación.
|
| 650 |
|
0 |
|a Docente profesional
|9 197683
|
| 650 |
|
0 |
|a Enseñanza
|9 188
|
| 650 |
|
0 |
|a Evaluación educativa
|9 22472
|
| 650 |
|
0 |
|a Aprendizaje
|9 2198
|
| 650 |
|
0 |
|a Currículo
|9 3012
|
| 700 |
1 |
|
|a Hernández, Fernando.
|9 197684
|
| 700 |
1 |
|
|a Sancho, Juana María
|9 197690
|
| 773 |
|
|
|g 222 páginas:
|
| 852 |
|
|
|a UC-CDJBV
|f Compra
|l 1
|m General
|p 20030610
|q 18,14
|r 2
|t 69840
|y 115361
|b 0
|d CDRC
|e CDRC
|g 371.3 PRIMER PISO
|z 2003-30-61
|
| 942 |
|
|
|c CR
|
| 999 |
|
|
|c 118578
|d 118578
|